| 000 | 01185nam a2200337 c 4500 | ||
|---|---|---|---|
| 999 |
_c343541 _d343541 |
||
| 003 | BLK | ||
| 005 | 20200423103710.0 | ||
| 008 | 180911b bul|||||r ||||||| ||bul|| | ||
| 010 | _a003202 | ||
| 040 | _aBLK | ||
| 041 |
_aDEU _cBUL |
||
| 080 | _z830-12.09830-12 | ||
| 100 | 1 |
_aGOETHE, Johan _eпърви автор _911350 |
|
| 245 | 0 | 0 | _aGoethes Faust in ursprunglicher Gestalt |
| 246 | _pдрама-трагедии | ||
| 250 | _a5. Abdr | ||
| 260 |
_aWeimar _bHermann Bohlaus _c1901 |
||
| 300 |
_aLXXVIII, 89 с _c20 см |
||
| 380 | _a82 | ||
| 490 |
_aЧастна колекция - Академик Михаил Арнаудов _gДарение - Основен фонд |
||
| 500 | _aБележки и подчертавания в текста на коментарите към произведението; Михаил Арнаудов - подпис; | ||
| 653 | _aдрама | ||
| 653 | _aтрагедии | ||
| 655 |
_aЛитературознание _9396446 |
||
| 700 | 1 |
_aJohan Goethe _9397520 |
|
| 700 | 1 |
_a Hrsg. von Erich Schmidt _9397521 |
|
| 852 |
_aМА 822 _bМА |
||
| 942 |
_cKNG _n0 _s1 |
||
| 944 |
_aCR _c1996 _kValK |
||
| 999 | _d343541 | ||
| 999 | _d343541 | ||